<?xml version="1.0" encoding="UTF-8"?>
<collection xmlns="http://www.loc.gov/MARC21/slim">
  <record>
    <leader>00000nam  2200000   4500</leader>
    <controlfield tag="001">INLIS000000000002708</controlfield>
    <controlfield tag="005">20180724150257</controlfield>
    <controlfield tag="008">180724|||||||||   |   |||   |||| ||   | </controlfield>
    <datafield tag="035" ind1=" " ind2=" ">
      <subfield code="0">010-0718002708</subfield>
    </datafield>
    <datafield tag="041" ind1=" " ind2=" ">
      <subfield code="a">id</subfield>
    </datafield>
    <datafield tag="082" ind1=" " ind2=" ">
      <subfield code="a">R. 063</subfield>
    </datafield>
    <datafield tag="090" ind1=" " ind2=" ">
      <subfield code="a">R. 063 PIM I Angkatan XXXVII 2017</subfield>
    </datafield>
    <datafield tag="100" ind1=" " ind2=" ">
      <subfield code="a">Zega, Temazaro</subfield>
    </datafield>
    <datafield tag="245" ind1=" " ind2=" ">
      <subfield code="a">Model Sekolah Peduli Kependudukan</subfield>
    </datafield>
    <datafield tag="260" ind1=" " ind2=" ">
      <subfield code="a">Jakarta</subfield>
      <subfield code="b">LAN Jakarta</subfield>
      <subfield code="c">2017</subfield>
    </datafield>
    <datafield tag="300" ind1=" " ind2=" ">
      <subfield code="a">35 hlm.; Lamp.; 30 cm</subfield>
    </datafield>
    <datafield tag="500" ind1=" " ind2=" ">
      <subfield code="a">Program Kerjasama Pendidikan kependudukan adalah suatu upaya untuk mewujudkan peningkatan pengetahuan, sikap dan perilaku (PSP) anak, keluarga dan masyarakat yang peduli pada pembangunan berwawasan kependudukan yang dimanifestasikan melalui Perilaku Hidup Berwawasan Kependudukan (PHBK). Penerapan PHBK pada setiap individu dan keluarga dapat memberikan kontribusi dalam mewujudkan penduduk tumbuh seimbang. Salah satu hal yang perlu disiapkan adalah sistem dan tata laksana pendidikan kependudukan melalui penyelarasan pelaksanaan pedoman program kerjasama pendidikan kependudukan.</subfield>
    </datafield>
    <datafield tag="650" ind1=" " ind2=" ">
      <subfield code="a">Sekolah</subfield>
    </datafield>
  </record>
</collection>
